Voľby do orgánov samosprávneho kraja konaných dňa 26.11.2005 - 1. kolo Voľby do orgánov samosprávneho kraja konaných dňa 10.12.2005 - 2. kolo

Bibliographic Details
Main Author: Nemcová, V. (Author)
Format: Article
Language:Slovak
PhysicalDescription:Tab.
Subjects:

MARC

LEADER 00000nab a2200000 ar4500
001 vtls008422100
003 SK-MaSNL
005 20260305033908.0
008 060104c2005 xo qr|p|||||||000 b|slo
038 |a RVGKPD 
040 |a RVGKPD  |b slo  |c RVGKPD  |e AACR2 
041 0 |a slo 
044 |a xo  |c SK 
080 |a 324  |x (437.6)  |2 UDC-MRF-SK2 
080 |a 353.2  |2 UDC-MRF-SK2 
100 1 |a Nemcová, V.  |4 aut  |9 1024099 
245 1 0 |a Voľby do orgánov samosprávneho kraja konaných dňa 26.11.2005 - 1. kolo  |b Voľby do orgánov samosprávneho kraja konaných dňa 10.12.2005 - 2. kolo  |c V. Nemcová 
300 |b Tab. 
610 2 7 |a Košický samosprávny kraj (Slovensko).  |b Úrad  |2 rvgkpd  |9 30611 
650 0 7 |a regionálne voľby  |2 rvgkpd  |9 29176 
650 0 7 |a výsledky  |2 rvgkpd  |9 493505 
651 7 |a Gemerská Poloma (Slovensko)  |2 rvgkpd  |9 29357 
651 7 |a Rožňava (Slovensko : okres)  |2 rvgkpd  |9 19215 
773 0 |t Polomské noviny  |g Roč. X, č. 4 (2005), s. 14 
852 |a RVGKPD  |b KIS3G 
992 |a RBX 
999 |c 3326751  |d 3328681